El hombre de oro (Record no. 47748)
[ view plain ]
| 000 -LEADER | |
|---|---|
| campo de control de longitud fija | 00602nam a2200193 i 4500 |
| 001 - NÚMERO DE CONTROL | |
| campo de control | 47748 |
| 003 - IDENTIFICADOR DE NÚMERO DE CONTROL | |
| campo de control | ES-MaACL |
| 005 - FECHA Y HORA DE LA ÚLTIMA TRANSACCIÓN | |
| campo de control | 20230906161625.0 |
| 007 - CAMPO FIJO DE DESCRIPCIÓN FÍSICA--INFORMACIÓN GENERAL | |
| campo de control de longitud fija | t| |
| 008 - DATOS DE LONGITUD FIJA--INFORMACIÓN GENERAL | |
| campo de control de longitud fija | 030521q1915 sp ||||1| spa d |
| 100 1# - ENTRADA PRINCIPAL--NOMBRE DE PERSONA | |
| Nombre de persona | Blanco Fombona, Rufino, |
| Fechas asociadas al nombre | 1874-1944 |
| 9 (RLIN) | 29251 |
| 245 13 - MENCIÓN DEL TÍTULO | |
| Título | El hombre de oro |
| Resto del título | : (novela) / |
| Mención de responsabilidad, etc. | R. Blanco-Fombona. |
| 260 ## - PUBLICACIÓN, DISTRIBUCIÓN, ETC. | |
| Lugar de publicación, distribución, etc. | Madrid : |
| Nombre del editor, distribuidor, etc. | Editorial América, |
| Fecha de publicación, distribución, etc. | [1915?] ( |
| Fabricante | Juan Pueyo) |
| 300 ## - DESCRIPCIÓN FÍSICA | |
| Extensión | XIV, 412 p. ; |
| Dimensiones | 19 cm. |
| 490 1# - MENCIÓN DE SERIE | |
| Mención de serie | Biblioteca Andrés Bello ; |
| Designación de volumen o secuencia | 11 |
| 830 0# - PUNTO DE ACCESO ADICIONAL DE SERIE-TÍTULO UNIFORME | |
| Título uniforme | Biblioteca Andrés Bello ; |
| Designación de volumen o secuencia | 11 |
| 9 (RLIN) | 182215 |
| 852 ## - LOCALIZACIÓN | |
| Ubicación | ES-MaACL |
| Número de control de estantería | F-8291 |
| Estatus retirado | Estado de pérdida | Estado de daño | No para préstamo | Biblioteca de origen | Biblioteca actual | Ubicación en estantería | Fecha de adquisición | Fuente de adquisición | Total de préstamos | Signatura topográfica completa | Código de barras | Visto por última vez | Precio de reemplazo | Tipo de ítem Koha |
|---|---|---|---|---|---|---|---|---|---|---|---|---|---|---|
| Biblioteca del Ateneo de Madrid | Biblioteca del Ateneo de Madrid | Sala Pecera Planta 2 | 17/01/2008 | F-8291 | 1050243 | 23/02/2023 | 23/02/2023 | Libro impreso |
